Computer speech : Recognition, compression, synthesis

Salvato in:
Dettagli Bibliografici
Autore principale: Schroeder, Manfred R. (Autore)
Natura: Libro
Lingua:inglese
Pubblicazione: Berlin : Springer Verlag, 1999
Soggetti:
Tags: Aggiungi Tag
Nessun Tag, puoi essere il primo ad aggiungerne!!

MARC

LEADER 00000nam a22000003a 4500
001 stu72842
005 20150617225648.5
008 011126s1999----gw------------------eng-d
020 |a 3-540-64397-4 
040 |a STU  |b slo 
041 0 |a eng 
044 |a gw 
080 |a 681.32.015 
080 |a 534.78 
080 |a 519.876 
084 |a A4370  |2 INS 
084 |a B6130  |2 INS 
084 |a C1250C  |2 INS 
084 |a C5260  |2 INS  |7 stu_us_auth*stu7144 
084 |a C5585  |2 INS 
084 |a C6180N  |2 INS 
084 |a C7820M  |2 INS 
084 |a D3060  |2 INS 
100 1 |a Schroeder, Manfred R.  |4 aut 
245 1 |a Computer speech :  |b Recognition, compression, synthesis 
260 |a Berlin :  |b Springer Verlag,  |c 1999 
300 |a 313 s 
650 7 |a rozpoznávanie reči  |2 stusub 
650 7 |a spracovanie reči  |2 stusub 
650 7 |a číslicové spracovanie signálov  |2 stusub 
650 7 |a matematická lingvistika  |2 stusub 
996 |b 284EK84220  |c E*84220  |l EE16  |s P  |a 0  |w stu72842_0001